|
|
|
|
| LEADER |
00941nam a2200277 a 4500 |
| 001 |
507 |
| 003 |
BD-DhAAL |
| 005 |
20150315114702.0 |
| 008 |
150315s1996 maua b 001 0 eng |
| 010 |
|
|
|a 95006673
|
| 020 |
|
|
|a 0201537400
|
| 040 |
|
|
|a DLC
|c DLC
|d DLC
|d BD-DhAAL
|
| 050 |
0 |
0 |
|a HD30.28
|b .W429 1996
|
| 082 |
0 |
0 |
|a 658.4/012
|2 20
|
| 100 |
1 |
|
|a Hunger, J. David,
|d 1941-
|9 9667
|
| 245 |
1 |
0 |
|a Strategic management /
|c J. David Hunger, Thomas L. Wheelen.
|
| 250 |
|
|
|a 5th ed.
|
| 260 |
|
|
|a Reading, MA :
|b Addison-Wesley Pub. Co.,
|c c1996.
|
| 300 |
|
|
|a xiv, 441 p. :
|b col. ill. ;
|c 24 cm.
|
| 504 |
|
|
|a Includes bibliographical references and indexes.
|
| 541 |
|
|
|e 507
|
| 650 |
|
0 |
|a Strategic planning.
|9 9668
|
| 700 |
1 |
|
|a Wheelen, Thomas L.
|9 9669
|
| 942 |
|
|
|2 ddc
|c BK
|
| 999 |
|
|
|c 34046
|d 34046
|
| 952 |
|
|
|0 0
|1 0
|2 ddc
|4 0
|6 658_401200000000000_HUN
|7 0
|9 53137
|a SCL
|b SCL
|c GEN
|d 2015-03-15
|l 0
|o 658.4012 HUN
|p 3020000507
|r 2015-03-15
|t 1
|w 2015-03-15
|y BK
|